[Event "Istanbul op"]
[Site "Istanbul"]
[Date "2019.08.30"]
[Round "6"]
[White "Ozsakallioglu, Akin"]
[Black "Citak, Selim"]
[Result "1-0"]
[WhiteElo "2067"]
[BlackElo "2263"]
[PlyCount "69"]
[EventDate "2019.08.26"]
[EventType "swiss"]
[EventRounds "9"]
[EventCountry "TUR"]
[SourceTitle "EXT 2020"]
[Source "ChessBase"]
[SourceDate "2019.10.17"]
[SourceVersion "1"]
[SourceVersionDate "2019.10.17"]
[SourceQuality "1"]

1. e4 e5 2. Nf3 Nc6 3. Nc3 Nf6 4. Bb5 Bb4 5. 0-0 Bxc3 6. bxc3 d6 7. d4 0-0 8. Qd3 Bd7 9. Bg5 h6 10. Bh4 Qe8 11. Bxf6 gxf6 12. Bxc6 bxc6 13. Nd2 Kh7 14. f4 exd4 15. cxd4 Rg8 16. Rae1 Qf8 17. e5+ f5 18. Nc4 Qg7 19. g3 Be6 20. Ne3 Qg6 21. c4 Rad8 22. Qc3 dxe5 23. fxe5 f6 24. Ng2 fxe5 25. Rxe5 Qf7 26. Rfe1 Rde8 27. Nf4 Bd7 28. d5 Rxe5 29. Rxe5 Re8 30. Rxe8 Qxe8 31. Qf6 cxd5 32. cxd5 Qg8 33. Nh5 Be8 34. Qe7+ Qf7 35. Qxe8 1-0

[Event "Istanbul op"]
[Site "Istanbul"]
[Date "2019.08.27"]
[Round "3"]
[White "Rahimli, Ilkin Alisaftar"]
[Black "Ozsakallioglu, Akin"]
[Result "1-0"]
[WhiteElo "1992"]
[BlackElo "2067"]
[PlyCount "41"]
[EventDate "2019.08.26"]
[EventType "swiss"]
[EventRounds "9"]
[EventCountry "TUR"]
[SourceTitle "EXT 2020"]
[Source "ChessBase"]
[SourceDate "2019.10.17"]
[SourceVersion "1"]
[SourceVersionDate "2019.10.17"]
[SourceQuality "1"]

1. e4 c5 2. f4 d5 3. exd5 Qxd5 4. Nc3 Qd8 5. Nf3 Nf6 6. Ne5 a6 7. Qf3 Qc7 8. b3 Nc6 9. Nxc6 Bg4 10. Nd5 Qxc6 11. Nxf6+ Qxf6 12. Qxb7 Rd8 13. c3 Rd6 14. Qb8+ Kd7 15. Bc4 Qxf4 16. Qb7+ Kd8 17. d4 Qf5 18. Be3 Qc2 19. Rc1 Qxa2 20. 0-0 Bc8 21. Qb8 1-0

[Event "Istanbul op-A"]
[Site "Istanbul"]
[Date "2018.09.06"]
[Round "7"]
[White "Bagaturov, Giorgi"]
[Black "Ozsakallioglu, Akin"]
[Result "1-0"]
[WhiteElo "2396"]
[BlackElo "1861"]
[PlyCount "65"]
[EventDate "2018.09.02"]
[EventType "swiss"]
[EventRounds "9"]
[EventCountry "TUR"]
[SourceTitle "CBM 186 Extra"]
[Source "ChessBase"]
[SourceDate "2018.08.24"]
[SourceVersion "1"]
[SourceVersionDate "2018.08.24"]
[SourceQuality "1"]

1. d4 Nf6 2. Nf3 g6 3. Bf4 Bg7 4. e3 c5 5. c3 b6 6. Be2 0-0 7. 0-0 d6 8. h3 Bb7 9. a4 a6 10. Nbd2 Nbd7 11. Qc2 Rc8 12. Rfd1 Re8 13. Bh2 Qc7 14. Qb3 Bd5 15. c4 Bxf3 16. Nxf3 e5 17. d5 b5 18. cxb5 axb5 19. Bxb5 Red8 20. Nd2 Nb6 21. e4 Bh6 22. Qc2 Rb8 23. Bg3 Nh5 24. Bh4 Rdc8 25. Nb1 Rf8 26. b4 Rbc8 27. bxc5 Qxc5 28. Qxc5 Rxc5 29. Be7 Ra8 30. Bc6 Ra7 31. Bxd6 Rc4 32. Na3 Rxe4 33. Bc5 1-0

[Event "Istanbul op-A"]
[Site "Istanbul"]
[Date "2018.09.05"]
[Round "6"]
[White "Ozsakallioglu, Akin"]
[Black "Mohannad, Farhan"]
[Result "1-0"]
[WhiteElo "1861"]
[BlackElo "2201"]
[PlyCount "159"]
[EventDate "2018.09.02"]
[EventType "swiss"]
[EventRounds "9"]
[EventCountry "TUR"]
[SourceTitle "CBM 186 Extra"]
[Source "ChessBase"]
[SourceDate "2018.08.24"]
[SourceVersion "1"]
[SourceVersionDate "2018.08.24"]
[SourceQuality "1"]

1. e4 d5 2. exd5 Qxd5 3. Nc3 Qd6 4. d4 Nf6 5. Nf3 c6 6. Bc4 Be6 7. Bxe6 Qxe6+ 8. Qe2 Qxe2+ 9. Nxe2 e6 10. 0-0 Nbd7 11. c4 Be7 12. b3 0-0 13. Bb2 Rfd8 14. Rfd1 Nb6 15. Nf4 a5 16. Kf1 a4 17. Ke2 Ra6 18. Ne5 Rda8 19. f3 Ne8 20. Nfd3 f6 21. Ng4 axb3 22. axb3 Nd7 23. Rxa6 Rxa6 24. Ra1 Rxa1 25. Bxa1 Nc7 26. Ne3 Kf7 27. Bc3 b6 28. f4 f5 29. g4 g6 30. g5 Bf8 31. Nc2 Na6 32. b4 Nc7 33. Ne3 Bg7 34. Kd2 Nb8 35. Kc2 Nd7 36. Kd2 Bf8 37. Ne5+ Nxe5 38. dxe5 Be7 39. Kd3 Na6 40. Nc2 Ke8 41. Be1 Kd7 42. Kc3 Nc7 43. Ne3 Ne8 44. Nf1 Ng7 45. Ng3 Ne8 46. Nf1 Kc8 47. Bf2 Kb7 48. Bg1 Bf8 49. Bf2 Nc7 50. Ne3 Ne8 51. Nf1 Bg7 52. Bg1 Nd6 53. Nd2 Nf7 54. Bd4 Kc7 55. Bf2 Nd6 56. Bxb6+ Kd7 57. Bd4 Nb7 58. Nb3 Bf8 59. Bb6 Be7 60. Be3 Kc7 61. Nc1 Bf8 62. Nd3 Be7 63. Kb3 Bf8 64. Ka4 Be7 65. b5 c5 66. Nc1 Kb6 67. Nb3 Bd8 68. Bd2 Ka7 69. Ba5 Nxa5 70. Nxa5 Kb6 71. Nb3 Be7 72. h4 Bf8 73. Nc1 h5 74. Nb3 Be7 75. Na5 Bd8 76. Nc6 Bc7 77. Kb3 Kb7 78. Ne7 Bxe5 79. fxe5 f4 80. Kc3 1-0

[Event "TUR-chT 2nd League"]
[Site "Konya"]
[Date "2018.07.22"]
[Round "9.5"]
[White "Ozsakallioglu, Akin"]
[Black "Erkole, Melih Naci"]
[Result "1/2-1/2"]
[WhiteElo "1884"]
[BlackElo "1698"]
[PlyCount "67"]
[EventDate "2018.07.16"]
[EventType "team-swiss"]
[EventRounds "9"]
[EventCountry "TUR"]
[SourceTitle "EXT 2019"]
[Source "ChessBase"]
[SourceDate "2018.10.10"]
[SourceVersion "1"]
[SourceVersionDate "2018.10.10"]
[SourceQuality "1"]
[WhiteTeam "Koroglu Dernegi"]
[BlackTeam "Bursa Nida"]
[WhiteTeamCountry "TUR"]
[BlackTeamCountry "TUR"]

1. e4 d5 2. exd5 Qxd5 3. Nc3 Qd8 4. d4 c6 5. Ne4 Bf5 6. Ng3 Bg6 7. Nf3 Nd7 8. Bd3 Bxd3 9. Qxd3 Ngf6 10. 0-0 Qc7 11. c4 e6 12. Re1 Bb4 13. Re2 Rd8 14. Qc2 0-0 15. c5 Ba5 16. Qa4 b5 17. cxb6 Bxb6 18. Rc2 Rc8 19. Be3 Qd6 20. Rac1 c5 21. dxc5 Bxc5 22. Bxc5 Rxc5 23. Rxc5 Nxc5 24. Qxa7 Ncd7 25. Qd4 Nd5 26. h4 e5 27. Qd3 N7f6 28. Ne4 Qb6 29. b3 Nf4 30. Nxf6+ gxf6 31. Qe4 Rd8 32. Rc2 Qe6 33. Ne1 Rd1 34. f3 1/2-1/2

[Event "TUR Cup										"]
[Site "Antalya"]
[Date "2018.02.03"]
[Round "11"]
[White "Ozsakallioglu, Akin"]
[Black "Baylav, Bartu"]
[Result "1/2-1/2"]
[WhiteElo "1865"]
[BlackElo "1754"]
[PlyCount "125"]
[EventDate "2018.01.27"]
[EventType "swiss"]
[EventRounds "11"]
[EventCountry "TUR"]
[SourceTitle "CBM 182 Extra"]
[Source "ChessBase"]
[SourceDate "2018.02.23"]
[SourceVersion "1"]
[SourceVersionDate "2018.02.23"]
[SourceQuality "1"]

1. e4 a6 2. c4 g6 3. d4 Bg7 4. Be3 b5 5. cxb5 axb5 6. Bxb5 Nf6 7. Nc3 c6 8. Be2 Qa5 9. e5 Ne4 10. Qd3 d5 11. f3 Ba6 12. Qc2 Nxc3 13. Qxc3 Qxc3+ 14. bxc3 0-0 15. Bxa6 Nxa6 16. Ne2 Rfb8 17. Kf2 Nc7 18. Rhb1 f6 19. exf6 Rxb1 20. Rxb1 Bxf6 21. Rb2 Nb5 22. f4 Nd6 23. Rc2 Nc4 24. Nc1 Kf7 25. Nd3 Ke6 26. Nc5+ Kd6 27. a4 Kc7 28. g4 Bh4+ 29. Kf3 Kb6 30. Rc1 Ra7 31. Rb1+ Kc7 32. g5 Nd6 33. Kg4 Nf5 34. Bg1 Kc8 35. Ra1 Kc7 36. a5 Kd6 37. a6 Kc7 38. Rb1 Kc8 39. Rb4 Be1 40. Rb3 Nd6 41. h4 Nb5 42. h5 Bxc3 43. hxg6 hxg6 44. Ne6 Rxa6 45. f5 gxf5+ 46. Kxf5 Ra1 47. Be3 Rf1+ 48. Ke5 Nd6 49. Nf4 Nc4+ 50. Ke6 Nxe3 51. Rxc3 Rxf4 52. Rxe3 Kd8 53. Rc3 Re4+ 54. Kf7 Rf4+ 55. Kg7 Rxd4 56. Rg3 Ke8 57. g6 c5 58. Kg8 c4 59. g7 Rh4 60. Ra3 d4 61. Ra8+ Kd7 62. Ra7+ Ke8 63. Rxe7+ 1/2-1/2

[Event "TUR Cup										"]
[Site "Antalya"]
[Date "2018.01.28"]
[Round "3"]
[White "Ozsakallioglu, Akin"]
[Black "Zor, Alber Kadir"]
[Result "1/2-1/2"]
[WhiteElo "1865"]
[BlackElo "2150"]
[PlyCount "32"]
[EventDate "2018.01.27"]
[EventType "swiss"]
[EventRounds "11"]
[EventCountry "TUR"]
[SourceTitle "CBM 182 Extra"]
[Source "ChessBase"]
[SourceDate "2018.02.23"]
[SourceVersion "1"]
[SourceVersionDate "2018.02.23"]
[SourceQuality "1"]

1. e4 c6 2. d4 d5 3. Nd2 dxe4 4. Nxe4 Bf5 5. Ng3 Bg6 6. Nf3 e6 7. Bd3 Nf6 8. 0-0 Bd6 9. b3 0-0 10. Bxg6 hxg6 11. Bb2 Qe7 12. c4 Ba3 13. Bc3 Bb4 14. Bb2 Ba3 15. Bc3 Bb4 16. Bb2 Ba3 1/2-1/2

[Event "Istanbul op"]
[Site "Istanbul"]
[Date "2017.09.14"]
[Round "5"]
[White "Zeydan, Salih"]
[Black "Ozsakallioglu, Akin"]
[Result "1-0"]
[WhiteElo "2057"]
[BlackElo "1893"]
[PlyCount "177"]
[EventDate "2017.09.11"]
[EventType "swiss"]
[EventRounds "9"]
[EventCountry "TUR"]
[SourceTitle "CBM 180 Extra"]
[Source "ChessBase"]
[SourceDate "2017.10.06"]
[SourceVersion "1"]
[SourceVersionDate "2017.10.06"]
[SourceQuality "1"]

1. e4 c5 2. Nf3 e6 3. c3 Nc6 4. d4 cxd4 5. cxd4 d5 6. exd5 exd5 7. Nc3 Nf6 8. Bb5 a6 9. Bxc6+ bxc6 10. Ne5 Bd7 11. 0-0 Be7 12. Bg5 0-0 13. Re1 h6 14. Bh4 Re8 15. Rc1 Bb4 16. Bxf6 gxf6 17. Nd3 Rxe1+ 18. Qxe1 Bd6 19. Qd2 Kh7 20. Nf4 Bf5 21. Nce2 Rc8 22. Ng3 Bg6 23. h4 Qd7 24. h5 Bf5 25. a3 Rg8 26. Nfe2 Rc8 27. Rc3 Be4 28. Qe3 Re8 29. Qc1 Rc8 30. f3 Bxg3 31. Nxg3 Bf5 32. Nxf5 Qxf5 33. Rxc6 Rxc6 34. Qxc6 Qb1+ 35. Kh2 Qxb2 36. Qxd5 Kg7 37. Qd6 Qb5 38. Qc5 Qb8+ 39. Kh3 Qb1 40. Kg4 Qf1 41. g3 Qd3 42. d5 f5+ 43. Kf4 Qd2+ 44. Qe3 Qh2 45. d6 Qxh5 46. Qe5+ f6 47. Qe7+ Kg8 48. Qxf6 Qe8 49. Kxf5 Qb5+ 50. Ke6 Qe8+ 51. Qe7 Qc8+ 52. Qd7 Qc4+ 53. Ke7 Qf7+ 54. Kd8 Qxf3 55. Qe6+ Kg7 56. d7 Qa8+ 57. Kc7 Qa7+ 58. Kc6 Qa8+ 59. Kb6 Qb8+ 60. Kxa6 Qa8+ 61. Kb6 Qb8+ 62. Kc6 Qa8+ 63. Kb5 Qb7+ 64. Ka4 Qa7+ 65. Kb3 Qb7+ 66. Kc3 Qc7+ 67. Kd4 Qa7+ 68. Ke4 Qa4+ 69. Kf5 Qc2+ 70. Kg4 Qd1+ 71. Kf4 Qf1+ 72. Ke5 Qe2+ 73. Kd6 Qa6+ 74. Ke7 Qxa3+ 75. Qd6 Qe3+ 76. Kd8 Qa7 77. Qe5+ Kf7 78. Qf5+ Kg7 79. Qg4+ Kf8 80. Qb4+ Kf7 81. Qc4+ Kf8 82. Qf4+ Kg7 83. Ke8 Qa2 84. Qf8+ Kg6 85. d8Q Qe6+ 86. Qfe7 Qc6+ 87. Qed7 Qe4+ 88. Kf8 Qf3+ 89. Kg8 1-0

[Event "Istanbul op"]
[Site "Istanbul"]
[Date "2017.09.11"]
[Round "1"]
[White "Bashirli, Nail Qoshqar"]
[Black "Ozsakallioglu, Akin"]
[Result "1-0"]
[WhiteElo "2352"]
[BlackElo "1893"]
[PlyCount "79"]
[EventDate "2017.09.11"]
[EventType "swiss"]
[EventRounds "9"]
[EventCountry "TUR"]
[SourceTitle "CBM 180 Extra"]
[Source "ChessBase"]
[SourceDate "2017.10.06"]
[SourceVersion "1"]
[SourceVersionDate "2017.10.06"]
[SourceQuality "1"]

1. e4 c5 2. Nf3 e6 3. Nc3 Nc6 4. Bb5 a6 5. Bxc6 bxc6 6. e5 d6 7. exd6 Bxd6 8. d4 cxd4 9. Qxd4 Nf6 10. Bg5 Be7 11. Qxd8+ Bxd8 12. 0-0-0 h6 13. Bxf6 Bxf6 14. Ne4 Ke7 15. Rd6 Bb7 16. Rhd1 Rhd8 17. c4 Rxd6 18. Nxd6 Bc8 19. Kc2 Rb8 20. b3 a5 21. c5 Ba6 22. Nd4 Bxd4 23. Rxd4 Rb4 24. Kc3 Rxd4 25. Kxd4 Bf1 26. g3 f6 27. Nb7 e5+ 28. Kc3 Ke6 29. Nxa5 Kd5 30. Nb7 f5 31. Nd6 g6 32. b4 f4 33. gxf4 exf4 34. a4 Be2 35. Ne8 Ke6 36. Kd4 Kd7 37. Nd6 Bd1 38. a5 Be2 39. Ke5 g5 40. Nf7 1-0

[Event "Kesan op 15th"]
[Site "Kesan"]
[Date "2017.08.15"]
[Round "4"]
[White "Ozsakallioglu, Akin"]
[Black "Dimitrov, Atanas Valtchev"]
[Result "0-1"]
[WhiteElo "1849"]
[BlackElo "2317"]
[PlyCount "144"]
[EventDate "2017.08.13"]
[EventType "swiss"]
[EventRounds "9"]
[EventCountry "TUR"]
[SourceTitle "CBM 180 Extra"]
[Source "ChessBase"]
[SourceDate "2017.10.06"]
[SourceVersion "1"]
[SourceVersionDate "2017.10.06"]
[SourceQuality "1"]

1. e4 c5 2. Nf3 e6 3. d4 cxd4 4. Nxd4 Nf6 5. f3 Nc6 6. c4 Bc5 7. Nxc6 dxc6 8. Qxd8+ Kxd8 9. Nc3 e5 10. Bd3 Nd7 11. b3 Bd4 12. Bb2 Nc5 13. 0-0-0 Kc7 14. Kc2 Ne6 15. Ne2 Bxb2 16. Kxb2 a5 17. g3 Nc5 18. Bc2 Bh3 19. Rhe1 h5 20. Ng1 Bd7 21. Rd2 h4 22. f4 hxg3 23. hxg3 exf4 24. gxf4 Rh4 25. f5 g6 26. Nf3 Rf4 27. Ne5 Re8 28. Nxd7 Nxd7 29. fxg6 fxg6 30. Rg2 Ne5 31. Rh1 Re7 32. Rh8 Rff7 33. Rg8 Rg7 34. Rxg7 Rxg7 35. Kc3 c5 36. Kd2 Rf7 37. Ke2 Kd6 38. Bd1 Ke6 39. Ke3 Rf1 40. Ke2 Rh1 41. a4 Kf6 42. Bc2 Rh3 43. Kf1 Rf3+ 44. Ke2 Rh3 45. Kf1 b6 46. Rd2 Ke6 47. Rg2 Rc3 48. Bd1 Kf6 49. Rd2 Rd3 50. Rf2+ Kg5 51. Ke2 Rg3 52. Rf8 Nc6 53. Kf2 Rd3 54. Ke2 Rh3 55. e5 Nxe5 56. Rb8 Kf4 57. Rxb6 Rh2+ 58. Kf1 Rh1+ 59. Ke2 Rh2+ 60. Kf1 Ke3 61. Re6 Kd4 62. Rd6+ Ke4 63. Rd5 Rh1+ 64. Ke2 Rh2+ 65. Kf1 Nd3 66. Kg1 Rb2 67. Bg4 Rxb3 68. Bd7 Rb6 69. Bb5 Rf6 70. Rd7 Ne5 71. Ra7 Kf3 72. Rxa5 Rd6 0-1

[Event "TUR-chT 2nd League"]
[Site "Konya"]
[Date "2017.07.18"]
[Round "2.9"]
[White "Caliskan, Kerem"]
[Black "Ozsakallioglu, Akin"]
[Result "0-1"]
[WhiteElo "1746"]
[BlackElo "1835"]
[PlyCount "50"]
[EventDate "2017.07.17"]
[EventType "team-swiss"]
[EventRounds "9"]
[EventCountry "TUR"]
[SourceTitle "CBM 179 Extra"]
[Source "ChessBase"]
[SourceDate "2017.08.23"]
[SourceVersion "1"]
[SourceVersionDate "2017.08.23"]
[SourceQuality "1"]
[WhiteTeam "Antalya Calli"]
[BlackTeam "Bolu Koroglu"]
[WhiteTeamCountry "TUR"]
[BlackTeamCountry "TUR"]

1. Nf3 d5 2. g3 e6 3. Bg2 Bd6 4. 0-0 f5 5. d3 Nf6 6. Nbd2 e5 7. Re1 e4 8. Nd4 Be5 9. N4b3 0-0 10. d4 Bd6 11. e3 a5 12. Nb1 b6 13. N3d2 Ba6 14. a4 Nbd7 15. b3 g5 16. Ba3 Bxa3 17. Nxa3 Qe7 18. c4 c6 19. Bf1 f4 20. cxd5 Bxf1 21. dxc6 f3 22. Nxf1 Qe6 23. Nd2 Qh3 24. Nxf3 Ng4 25. Qc2 exf3 0-1

[Event "TUR-chT 2nd League"]
[Site "Konya"]
[Date "2017.07.17"]
[Round "1.16"]
[White "Ozsakallioglu, Akin"]
[Black "Ozkeskin, Nazim Efe"]
[Result "1-0"]
[WhiteElo "1835"]
[BlackElo "1525"]
[PlyCount "77"]
[EventDate "2017.07.17"]
[EventType "team-swiss"]
[EventRounds "9"]
[EventCountry "TUR"]
[SourceTitle "CBM 179 Extra"]
[Source "ChessBase"]
[SourceDate "2017.08.23"]
[SourceVersion "1"]
[SourceVersionDate "2017.08.23"]
[SourceQuality "1"]
[WhiteTeam "Bolu Koroglu"]
[BlackTeam "Izmir Cesme Belediye"]
[WhiteTeamCountry "TUR"]
[BlackTeamCountry "TUR"]

1. e4 e5 2. Nf3 Nc6 3. Bc4 Nf6 4. d3 Be7 5. c3 d6 6. Nbd2 0-0 7. 0-0 Na5 8. Bb5 a6 9. Ba4 b5 10. Bc2 c5 11. Re1 Nc6 12. Nf1 h6 13. Ng3 Re8 14. h3 Bf8 15. d4 cxd4 16. cxd4 Bb7 17. d5 Nb4 18. Bb1 a5 19. a3 Na6 20. Bd3 Qb6 21. Be3 Qc7 22. Bxb5 Reb8 23. Rc1 Qd8 24. Qe2 Nd7 25. Nf5 Ndc5 26. Nd2 Bc8 27. g4 Bd7 28. Bxd7 Qxd7 29. Nc4 Nb3 30. Nb6 Rxb6 31. Bxb6 Nxc1 32. Rxc1 g6 33. Ne3 a4 34. Rc6 Qb7 35. Nc4 Nb8 36. Rc7 Qa6 37. Qf3 f5 38. gxf5 gxf5 39. Qh5 1-0

[Event "Cesme op 5th"]
[Site "Cesme"]
[Date "2017.06.15"]
[Round "6"]
[White "Rzayev, Bahruz Iqbal Oglu"]
[Black "Ozsakallioglu, Akin"]
[Result "1-0"]
[WhiteElo "2392"]
[BlackElo "1692"]
[PlyCount "59"]
[EventDate "2017.06.12"]
[EventType "swiss"]
[EventRounds "9"]
[EventCountry "TUR"]
[SourceTitle "CBM 178 Extra"]
[Source "ChessBase"]
[SourceDate "2017.06.22"]
[SourceVersion "1"]
[SourceVersionDate "2017.06.22"]
[SourceQuality "1"]

1. e4 c5 2. Nf3 e6 3. d4 cxd4 4. Nxd4 Nc6 5. Nc3 Nf6 6. Ndb5 Bb4 7. a3 Bxc3+ 8. Nxc3 d5 9. exd5 Nxd5 10. Bd2 0-0 11. Bd3 Nxc3 12. Bxc3 e5 13. Qh5 g6 14. Qh6 Qf6 15. 0-0 Bf5 16. Bxf5 Qxf5 17. f4 Qe6 18. Rf3 f5 19. fxe5 Rae8 20. Rd3 Rd8 21. Rd6 Rxd6 22. exd6 Qd7 23. Re1 Rf7 24. Qd2 Kf8 25. b4 b5 26. Bb2 a6 27. Qc3 Rg7 28. Qxg7+ Qxg7 29. Bxg7+ Kxg7 30. d7 1-0

[Event "Manavgat Turkey Cup"]
[Site "Manavgat"]
[Date "2015.02.07"]
[Round "11"]
[White "Ozbey, Aliasker"]
[Black "Ozsakallioglu, Akin"]
[Result "0-1"]
[WhiteElo "1323"]
[BlackElo "1469"]
[PlyCount "70"]
[EventDate "2015.01.31"]
[EventType "swiss"]
[EventRounds "11"]
[EventCountry "TUR"]
[SourceTitle "CBM 164 Extra"]
[Source "ChessBase"]
[SourceDate "2015.03.02"]
[SourceVersion "1"]
[SourceVersionDate "2015.03.02"]
[SourceQuality "1"]

1. e4 c5 2. Nf3 d6 3. d4 cxd4 4. Nxd4 Nf6 5. Nc3 g6 6. Bd3 Bg7 7. h3 Nc6 8. Nb3 a6 9. a4 Be6 10. Ra3 Ne5 11. Be2 Nfd7 12. 0-0 Bc4 13. Bxc4 Nxc4 14. Ra1 Bxc3 15. bxc3 Nf6 16. Re1 Na5 17. e5 Nxb3 18. cxb3 dxe5 19. Qxd8+ Rxd8 20. Rxe5 Rd1+ 21. Kh2 Nd7 22. Re3 Nc5 23. Bb2 Rxa1 24. Bxa1 Nxb3 25. Bb2 Na5 26. Re4 Nc6 27. c4 0-0 28. Ba3 Rd8 29. f3 Rd3 30. Bc1 Rd4 31. Rxd4 Nxd4 32. a5 Kf8 33. Kg3 e5 34. Kg4 f5+ 35. Kg5 Kg8 0-1

[Event "Manavgat Turkey Cup"]
[Site "Manavgat"]
[Date "2015.02.06"]
[Round "10"]
[White "Ozsakallioglu, Akin"]
[Black "Aydin, Firat"]
[Result "0-1"]
[WhiteElo "1469"]
[BlackElo "1669"]
[PlyCount "78"]
[EventDate "2015.01.31"]
[EventType "swiss"]
[EventRounds "11"]
[EventCountry "TUR"]
[SourceTitle "CBM 164 Extra"]
[Source "ChessBase"]
[SourceDate "2015.03.02"]
[SourceVersion "1"]
[SourceVersionDate "2015.03.02"]
[SourceQuality "1"]

1. e4 e5 2. Nf3 Nc6 3. Bc4 Bc5 4. d3 d6 5. Ng5 Nh6 6. Nc3 0-0 7. 0-0 Na5 8. Nf3 Nxc4 9. dxc4 Ng4 10. h3 Nf6 11. Bg5 h6 12. Bh4 g5 13. Nxg5 hxg5 14. Bxg5 c6 15. Qf3 Kg7 16. Ne2 Rh8 17. Ng3 Be6 18. Bxf6+ Qxf6 19. Nh5+ Rxh5 20. Qxh5 Rh8 21. Qf3 Qxf3 22. gxf3 Bxh3 23. Rfd1 Rh4 24. c3 a5 25. a3 a4 26. Rd2 Rf4 27. Kh2 Rxf3 28. Rg1+ Kf8 29. Rg3 Rxg3 30. Kxg3 Be6 31. Rd1 Bxc4 32. Rh1 Kg7 33. f3 Be3 34. Ra1 d5 35. Re1 d4 36. Rd1 d3 37. Kg2 d2 38. Kg3 Be2 39. Rh1 d1Q 0-1